Religion Quiz

Random Religion or Europe Quiz

Nordic God or Nordic Town? Quiz Stats

 Plays Quiz not verified by Sporcle

Score 0/20 Timer 03:00
2 Plays Today
Hint Answer % Correct
Thor???
87.4%
Freyja???
84.7%
Frigg???
80.3%
Reykjavik???
79.4%
Balder???
78.4%
Tyr???
78.2%
Heimdall???
72.8%
Malmö???
72.3%
Tampere???
71.4%
Stavanger???
69.8%
Hint Answer % Correct
Bragi???
69.1%
Aarhus???
68.6%
Roskilde???
68.5%
Växjö???
65.9%
Odense???
65.4%
Skaði???
64.6%
Horsens???
62.8%
Njörðr???
61.3%
Vaasa???
60%
Forseti???
57%

You're not logged in!

Compare scores with friends on all Sporcle quizzes.
OR
Log In

Show Comments

Extras

Top Quizzes Today


Score Distribution

Your Account Isn't Verified!

In order to create a playlist on Sporcle, you need to verify the email address you used during registration. Go to your Sporcle Settings to finish the process.

Report this User

Report this user for behavior that violates our Community Guidelines.

Details: